-
SRIVASTAVA.K.P, DHALIWAL.G S
Entry Personal Name
Number of records used in: 1
001 - CONTROL NUMBER
003 - CONTROL NUMBER IDENTIFIER
005 - DATE AND TIME OF LATEST TRANSACTION
- control field:
20170909101225.0
008 - FIXED-LENGTH DATA ELEMENTS
- fixed length control field:
170909|| aca||aabn | a|a d
040 ## - CATALOGING SOURCE
- Original cataloging agency:
OSt
- Transcribing agency:
OSt
100 ## - HEADING--PERSONAL NAME
- Personal name:
SRIVASTAVA.K.P, DHALIWAL.G S
670 ## - SOURCE DATA FOUND
- Source citation:
Work cat.: (OSt)5226: SRIVASTAVA.K.P, DHALIWAL.G S, A TEXT BOOK OF APPLIED ENTOMOLOGY, 2016